Η θεωρία της μετάβασης στον Μαρξ

Αποθηκεύτηκε σε:
Λεπτομέρειες βιβλιογραφικής εγγραφής
Κύριος συγγραφέας: Godelier, Maurice
Άλλοι συγγραφείς: Μαθά-Δεμαθά, Λίνα (trlf, edtf), Πολέμη, Πόπη, 1958- (trlf, edtf), Δεμαθάς, Ζαχαρίας (Μεταφραστής, Επιμελητής έκδοσης)
Μορφή: Βιβλίο
Γλώσσα:Greek
French
Δημοσίευση: Αθήνα : Gutenberg, 1987.
Σειρά:Κοινωνιολογική βιβλιοθήκη
Θέματα:
Ετικέτες: Προσθήκη ετικέτας
Δεν υπάρχουν, Καταχωρήστε ετικέτα πρώτοι!

MARC

LEADER 00000cam a2200000 i 4500
001 1/13554
008 980316s1987 gr | ||| |||| ||gre||
035 |1 ΠΑΡ  |a 1997  |l 10019087 
040 |a GR-MyUa  |b gre  |e AACR2 
041 1 |a gre  |h fre 
082 7 |a 335.41   |2 (22) 
100 1 |a Godelier, Maurice. 
245 1 2 |a Η θεωρία της μετάβασης στον Μαρξ /   |c Maurice Godelier ; μετάφραση, επιμέλεια: Λ. Δεμαθά, Π. Πολέμη, Ζ. Δεμαθά. 
260 |a Αθήνα :   |b Gutenberg,   |c 1987. 
300 |a 78 σ. ;   |c 21 
490 1 |a (Κοινωνιολογική βιβλιοθήκη ;   |v 18) 
504 |a Περιλαμβάνει βιβλιογραφία. 
650 0 |a Communism. 
650 0 |a Social change. 
650 0 |a Marxian economics. 
700 1 |a Μαθά-Δεμαθά, Λίνα,  |e trlf  |e edtf 
700 1 |a Πολέμη, Πόπη,   |d 1958-  |e trlf  |e edtf 
700 1 |a Δεμαθάς, Ζαχαρίας,  |e trl  |e edt 
830 0 |a Κοινωνιολογική βιβλιοθήκη 
852 |a INST  |b LESVOS  |e 19980316  |h 335.41 GOD  |p 005100014868  |q 005100014868  |t BK  |y 0 
852 |a INST  |b LESVOS  |c EUDOXUS  |e 20220519  |h 335.41 GOD  |p 005100064303  |q 005100064303  |t EDX  |y 0 
852 |a INST  |b SYROS  |e 20210316  |h 335.41 GOD  |p 005500014368  |q 005500014368  |t BK  |y 0 
901 |a BIBL-1998-2 
920 |a Εύδοξος  |b Παραγγελία  |y Λέσβος-ΤΚΑΙ  |z 2022-05 
922 |a 1ΕΛΗ  |b 199805  |c ΚΠΣ/ΤΚΑ  |d EMVASIS 
950 |a 117-1998-01-28